000 00737nam a2200289Ia 4500
005 20260324114830.0
008 008 260324s9999 xx 000 0 eng d
020 _a9781003097242
037 _aEBOOK
040 _aCRL
040 _beng
040 _cCRL
041 _2eng
041 _aeng
084 _qCRL
100 _aDiego Galar; Kai Goebel; Peter Sandborn; Uday Kumar
_91152330
245 0 _aPrognostics and Remaining Useful Life (RUL) Estimation
245 0 _bPredicting with Confidence
260 _bTaylor and Francis
260 _c2021
365 _a
365 _b385
856 _uhttp://www.taylorfrancis.com/books/9781003097242
942 _cEBOOK
999 _c1742740
_d1742740